Разработка приложения для предварительного тестирования соискателя на вакантное место; Молодежь и современные информационные технологии; Т. 2

التفاصيل البيبلوغرافية
Parent link:Молодежь и современные информационные технологии: сборник трудов XII Всероссийской научно-практической конференции студентов, аспирантов и молодых ученых, г. Томск, 12-14 ноября 2014 г./ Национальный исследовательский Томский политехнический университет (ТПУ), Институт кибернетики (ИК) ; ред. кол. Е. А. Сикора [и др.].— , 2014
Т. 2.— 2014.— [С. 295-296]
المؤلف الرئيسي: Казакявичюс И. С.
مؤلف مشترك: Национальный исследовательский Томский политехнический университет (ТПУ) Институт кибернетики (ИК) Кафедра прикладной математики (ПМ)
مؤلفون آخرون: Шкатова Г. И. Галина Ивановна
الملخص:Заглавие с титульного экрана
اللغة:الروسية
منشور في: 2014
سلاسل:Информационные технологии в гуманитарных и медицинских исследованиях
الموضوعات:
الوصول للمادة أونلاين:http://earchive.tpu.ru/handle/11683/20337
http://www.lib.tpu.ru/fulltext/c/2014/C04/V2/140.pdf
التنسيق: MixedMaterials الكتروني فصل الكتاب
KOHA link:https://koha.lib.tpu.ru/cgi-bin/koha/opac-detail.pl?biblionumber=610995

MARC

LEADER 00000naa2a2200000 4500
001 610995
005 20231101132633.0
035 |a (RuTPU)RU\TPU\conf\8637 
035 |a RU\TPU\conf\8636 
090 |a 610995 
100 |a 20150209d2014 k y0rusy50 ca 
101 0 |a rus 
102 |a RU 
105 |a y z 101zy 
135 |a drcn ---uucaa 
181 0 |a i  
182 0 |a b 
200 1 |a Разработка приложения для предварительного тестирования соискателя на вакантное место  |f И. С. Казакявичюс, Г. И. Шкатова 
203 |a Текст  |c электронный 
225 1 |a Информационные технологии в гуманитарных и медицинских исследованиях 
230 |a 1 компьютерный файл (pdf; 375 Kb) 
300 |a Заглавие с титульного экрана 
320 |a [Библиогр.: с. 296 (3 назв.)] 
337 |a Adobe Reader 
461 1 |0 (RuTPU)RU\TPU\conf\7802  |t Молодежь и современные информационные технологии  |o сборник трудов XII Всероссийской научно-практической конференции студентов, аспирантов и молодых ученых, г. Томск, 12-14 ноября 2014 г.  |o в 2 т.  |f Национальный исследовательский Томский политехнический университет (ТПУ), Институт кибернетики (ИК) ; ред. кол. Е. А. Сикора [и др.]  |d 2014 
463 0 |0 (RuTPU)RU\TPU\conf\7813  |t Т. 2  |v [С. 295-296]  |d 2014 
610 1 |a труды учёных ТПУ 
610 1 |a электронный ресурс 
610 1 |a разработки 
610 1 |a приложения 
610 1 |a предварительное тестирование 
610 1 |a тестирование 
610 1 |a соискатели 
610 1 |a вакантные места 
610 1 |a концептуальные схемы 
700 1 |a Казакявичюс  |b И. С. 
701 1 |a Шкатова  |b Г. И.  |c специалист в области прикладной математики  |c доцент Томского политехнического университета, кандидат технических наук  |f 1945-  |g Галина Ивановна  |2 stltpush  |3 (RuTPU)RU\TPU\pers\25415 
712 0 2 |a Национальный исследовательский Томский политехнический университет (ТПУ)  |b Институт кибернетики (ИК)  |b Кафедра прикладной математики (ПМ)  |h 130  |2 stltpush  |3 (RuTPU)RU\TPU\col\18700 
801 2 |a RU  |b 63413507  |c 20210323  |g RCR 
856 4 |u http://earchive.tpu.ru/handle/11683/20337 
856 4 |u http://www.lib.tpu.ru/fulltext/c/2014/C04/V2/140.pdf 
942 |c BK